00829nam a2200193 a 450000100100000000500170001000800410002704000250006808200140009310000340010724500510014124600980019226000400029030000360033059000270036695201120039395201130050599900170061800004750520201002060557.0180613s198u dr ac 000 0 spa d aDO-SdBNPbspacBNPHU axxxbxxxx1 aConrado Cedeño, Luis96860610aSemantica política /cLuis Conrado Cedeño.10aSemantica políticabo vocabulario de la revolución democrática /bLuis Conrado Cedeño aSanto Domingo, :b[s.d.],c[198-.]. a177 p. :bil., retrs. ;c17 cm. aInventariado, 2018/ YL 0010718PDaPDbPDcCTd2018-06-13iLF1l0oxxx xxxxp47505-10r2020-06-25w2020-06-25yLFPDZNo se presta 00107-18PDaPDbPDcOId2018-06-13iLF1l0oxxx xxxxp47506-10r2020-06-25w2020-06-25yLFPDZNo se presta c46993d46993